[Event "CEF Winter-ch Elite"]
[White "Van Steenkiste, Vincent"]
[Black "Colilli, Lorenzo"]
[Site "Fontaine l'Eveque"]
[Round "1"]
[Result "1-0"]
[Date "2010.11.19"]
[WhiteElo "2030"]
[BlackElo "1758"]
[PlyCount "65"]
[EventDate "2010.11.19"]
[EventType "tourn"]
[EventRounds "7"]
[EventCountry "BEL"]
[SourceTitle "EXT 2019"]
[Source "ChessBase"]
[SourceDate "2018.10.10"]
[SourceVersion "1"]
[SourceVersionDate "2018.10.10"]
[SourceQuality "1"]

1. e4 c5 2. Nf3 d6 3. d4 cxd4 4. Nxd4 Nf6 5. Nc3 a6 6. Be3 e6 7. Qd2 Be7 8. 0-0-0 0-0 9. f3 b5 10. a3 Bb7 11. g4 Nc6 12. h4 Qa5 13. Nb3 Qc7 14. g5 Nd7 15. f4 b4 16. axb4 Nxb4 17. h5 Rfc8 18. Rh2 Nb6 19. h6 Nc4 20. Qd4 e5 21. Qxc4 Qxc4 22. Bxc4 Rxc4 23. Na5 Rc7 24. Nxb7 Rxb7 25. f5 g6 26. f6 Bf8 27. Na4 Rc8 28. b3 Rc6 29. Kb2 a5 30. c4 Na6 31. Rd5 Nc5 32. Nxc5 dxc5 33. Rd8 1-0

[Event "Hainaut-ch"]
[White "Barbier, Wiebke"]
[Black "Van Steenkiste, Vincent"]
[Site "Manage"]
[Round "1.4"]
[Result "0-1"]
[Date "2008.08.23"]
[WhiteElo "1636"]
[BlackElo "2095"]
[PlyCount "96"]
[EventDate "2008.08.23"]
[EventType "swiss"]
[EventRounds "9"]
[EventCountry "BEL"]
[SourceTitle "EXT 2024"]
[Source "ChessBase"]
[SourceDate "2023.10.10"]
[SourceVersion "1"]
[SourceVersionDate "2023.10.10"]
[SourceQuality "1"]

1. e4 c5 2. Nf3 e6 3. c3 Nf6 4. d3 d6 5. Be2 Nc6 6. 0-0 Be7 7. Be3 0-0 8. Nbd2 Ng4 9. Qc2 Nxe3 10. fxe3 Bd7 11. d4 Rc8 12. Rac1 a6 13. Qb1 b5 14. a4 Qb6 15. axb5 axb5 16. b3 cxd4 17. exd4 e5 18. Qd3 b4 19. Nc4 Qa7 20. Ra1 Qb8 21. dxe5 bxc3 22. exd6 Nb4 23. Qd1 Bd8 24. Nfe5 Be6 25. Bg4 Rxc4 26. bxc4 Qb6+ 27. Kh1 Qc5 28. Bxe6 Qxe5 29. Bd5 c2 30. Qd2 Qb2 31. c5 Bf6 32. Rae1 Be5 33. Qg5 h6 34. Qc1 Qc3 35. Qe3 Nd3 36. c6 Bxd6 37. Rd1 cxd1Q 38. Rxd1 Qe5 39. g3 Nb4 40. Qb3 Kh7 41. Rf1 f5 42. Qc4 Nxd5 43. exd5 Ra8 44. Qd3 Kg6 45. Kg2 Ra3 46. Qd2 Qe4+ 47. Kg1 Bc5+ 48. Rf2 Ra1+ 0-1

[Event "Hainaut-ch"]
[White "Wattin, Joffrey"]
[Black "Van Steenkiste, Vincent"]
[Site "Manage"]
[Round "9.4"]
[Result "1-0"]
[Date "2008.08.23"]
[WhiteElo "1974"]
[BlackElo "2095"]
[PlyCount "133"]
[EventDate "2008.08.23"]
[EventType "swiss"]
[EventRounds "9"]
[EventCountry "BEL"]
[SourceTitle "EXT 2024"]
[Source "ChessBase"]
[SourceDate "2023.10.10"]
[SourceVersion "1"]
[SourceVersionDate "2023.10.10"]
[SourceQuality "1"]

1. e4 c5 2. Nf3 e6 3. d4 cxd4 4. Nxd4 Nc6 5. Be3 Qc7 6. Bd3 Nf6 7. c3 Ne5 8. f3 Nxd3+ 9. Qxd3 a6 10. 0-0 Bd6 11. f4 Ng4 12. e5 Bc5 13. Nd2 Nxe3 14. Qxe3 d5 15. exd6 Bxd6 16. Ne4 Bd7 17. Rae1 Be7 18. f5 Bb5 19. fxe6 f6 20. Nf5 Bxf1 21. Nxg7+ Kf8 22. Qh6 Bc5+ 23. Nxc5 Qxc5+ 24. Kxf1 Ke7 25. Qf4 f5 26. Nxf5+ Qxf5 27. Qxf5 Rhf8 28. Qxf8+ Rxf8+ 29. Kg1 Rf5 30. Re4 Rd5 31. Kf2 Rd2+ 32. Re2 Rd5 33. g4 Rd3 34. h4 Rh3 35. h5 h6 36. c4 Rd3 37. b3 Rh3 38. b4 Rc3 39. Re4 Ra3 40. Ke2 Ra4 41. c5 a5 42. Kf3 Rxa2 43. bxa5 Rxa5 44. Rb4 Rxc5 45. Rxb7+ Kxe6 46. Rb6+ Ke5 47. Rxh6 Rc3+ 48. Ke2 Kf4 49. Kd2 Rh3 50. Rg6 Ra3 51. h6 Ra2+ 52. Kc3 Rh2 53. g5 Rh3+ 54. Kd4 Rh1 55. Kd5 Kf5 56. Rg7 Rd1+ 57. Kc6 Rc1+ 58. Kd7 Ra1 59. Ke7 Ra8 60. Kf7 Ra7+ 61. Kg8 Ra8+ 62. Kh7 Ra6 63. g6 Kf6 64. Rb7 Kf5 65. Rb5+ Kf6 66. g7 Ra7 67. Kh8 1-0

[Event "Charleroi op 3rd"]
[White "Sailer, Douglas"]
[Black "Van Steenkiste, Vincent"]
[Site "Charleroi"]
[Round "9"]
[Result "1-0"]
[Date "2004.08.07"]
[WhiteElo "2224"]
[BlackElo "1992"]
[PlyCount "55"]
[EventDate "2004.07.03"]
[EventType "swiss"]
[EventRounds "9"]
[EventCountry "BEL"]
[SourceTitle "CBM 101 Extra"]
[Source "ChessBase"]
[SourceDate "2004.09.01"]
[SourceVersion "2"]
[SourceVersionDate "2004.09.01"]
[SourceQuality "1"]

1. e4 c5 2. Nf3 e6 3. Nc3 a6 4. g3 d5 5. exd5 exd5 6. Bg2 Nf6 7. 0-0 Be7 8. d4 cxd4 9. Nxd4 0-0 10. Bg5 Nc6 11. Nde2 d4 12. Bxf6 Bxf6 13. Nd5 Bg4 14. h3 Be6 15. Nef4 Be5 16. a3 a5 17. h4 h6 18. Qd3 Rb8 19. Rfe1 Qd6 20. Nxe6 fxe6 21. Nb6 Qc7 22. Nc4 Bf6 23. Rxe6 Ne7 24. Rae1 Rbd8 25. Ne5 Bxe5 26. R1xe5 Rd7 27. Qe2 Rf7 28. Be4 1-0

[Event "BEL FEFB-ch"]
[White "Van Steenkiste, Vincent"]
[Black "Maoloni, Pascal"]
[Site "Fontaine l'Eveque"]
[Round "2"]
[Result "1-0"]
[Date "2004.??.??"]
[WhiteElo "2079"]
[BlackElo "1961"]
[PlyCount "41"]
[EventDate "2004.05.20"]
[EventType "swiss"]
[EventRounds "7"]
[EventCountry "BEL"]
[SourceTitle "EXT 2008"]
[Source "ChessBase"]
[SourceDate "2007.11.25"]
[SourceVersion "1"]
[SourceVersionDate "2007.11.25"]
[SourceQuality "1"]

1. e4 e5 2. Nf3 Nf6 3. d4 d6 4. Nc3 Nbd7 5. Bc4 Be7 6. 0-0 0-0 7. h3 Nxe4 8. Nxe4 Nb6 9. Bb3 d5 10. Ng3 e4 11. Ne5 f6 12. Ng4 f5 13. Ne5 Bd6 14. f4 exf3 15. Qxf3 Be6 16. Bd2 Qh4 17. Qf4 Qf6 18. Nh5 Qe7 19. Qg3 Kh8 20. Bg5 Qe8 21. Bf6 1-0

[Event "BEL FEFB-ch"]
[White "Van Steenkiste, Vincent"]
[Black "Piacentini, Claudio"]
[Site "Fontaine l'Eveque"]
[Round "7"]
[Result "1/2-1/2"]
[Date "2004.??.??"]
[WhiteElo "2079"]
[BlackElo "2215"]
[PlyCount "79"]
[EventDate "2004.05.20"]
[EventType "swiss"]
[EventRounds "7"]
[EventCountry "BEL"]
[SourceTitle "EXT 2008"]
[Source "ChessBase"]
[SourceDate "2007.11.25"]
[SourceVersion "1"]
[SourceVersionDate "2007.11.25"]
[SourceQuality "1"]

1. e4 e6 2. d4 d5 3. Nc3 Nf6 4. Bg5 Be7 5. e5 Nfd7 6. Bxe7 Qxe7 7. f4 a6 8. Nf3 c5 9. Qd2 Nc6 10. dxc5 Qxc5 11. 0-0-0 b5 12. Bd3 Nb6 13. Kb1 Bd7 14. h4 Nc4 15. Bxc4 Qxc4 16. h5 h6 17. Rh4 b4 18. Ne2 Qc5 19. Ned4 Ne7 20. g4 a5 21. Rh3 Rc8 22. Rg3 Kf8 23. Rdg1 Qb6 24. g5 a4 25. Nh4 Rc4 26. Ndf3 b3 27. cxb3 axb3 28. a3 Rc2 29. Qd4 Qa6 30. Qe3 Ba4 31. g6 d4 32. Nxd4 Nd5 33. Qe1 Qc8 34. gxf7 Nxf4 35. Rxg7 Nd3 36. Rg8+ Ke7 37. Ng6+ Kd7 38. Rxc8 Rxb2+ 39. Ka1 Ra2+ 40. Kb1 1/2-1/2

[Event "BEL FEFB-ch"]
[White "Wlogalski, Olivier"]
[Black "Van Steenkiste, Vincent"]
[Site "Fontaine l'Eveque"]
[Round "3"]
[Result "0-1"]
[Date "2004.??.??"]
[WhiteElo "1935"]
[BlackElo "2079"]
[PlyCount "64"]
[EventDate "2004.05.20"]
[EventType "swiss"]
[EventRounds "7"]
[EventCountry "BEL"]
[SourceTitle "EXT 2008"]
[Source "ChessBase"]
[SourceDate "2007.11.25"]
[SourceVersion "1"]
[SourceVersionDate "2007.11.25"]
[SourceQuality "1"]

1. b3 e5 2. Bb2 Nc6 3. e3 Nf6 4. Bb5 Bd6 5. Bxc6 dxc6 6. c4 e4 7. Qc2 0-0 8. Nc3 Re8 9. h3 Bf5 10. 0-0-0 Qe7 11. Kb1 a5 12. Nge2 h6 13. g4 Bh7 14. Rdg1 Nd7 15. Rg2 Nc5 16. Nc1 Na6 17. Qd1 Ba3 18. Bxa3 Qxa3 19. g5 hxg5 20. Rxg5 f6 21. Rg3 Rad8 22. Qg4 Re7 23. Rd1 Nc5 24. Kc2 a4 25. Nb1 axb3+ 26. axb3 Qa1 27. Rdg1 Nd3 28. Nxd3 exd3+ 29. Kc1 Qa2 30. Qd1 Ra8 31. Rg4 Qa1 32. c5 Ra2 0-1